• 首页
  • 本馆介绍
  • 公告通知
  • 最新文献
  • 馆藏检索
  • 电子资源
  • 读者导购
  • 参考咨询
  • 我的图书馆
  • 登录
  • 详细信息显示
  • 放入我的书架
  • 预约/预借图书
  • 作者相关作品
  • 分类相关作品
  • 丛书相关作品
  • 出版社相关作品

书目信息

  • 表格格式
  • 工作单格式
  • 卡片格式
题名:
常见多肉植物原色图鉴
    
 
作者: ;壹号图编辑部 主编
分册:  
出版信息: 南京   江苏凤凰科学技术出版社  2017
页数: 256页
开本: 24cm
丛书名:
单 册:
中图分类: S682.33-64 , S682.33
科图分类:
主题词: 多浆植物--观赏园艺--图谱
电子资源:
ISBN: 978-7-5537-6027-8
000 00827nam0 2200229 450
001 2366608781
005 20231127183020.48
010    @a978-7-5537-6027-8@dCNY39.80
100    @a20181129d2017 em y0chiy50 ea
101 0  @achi
102    @aCN@b320000
105    @aa z 001yy
200 1  @a常见多肉植物原色图鉴@Achang jian duo rou zhi wu yuan se tu jian@f壹号图编辑部主编
210    @a南京@c江苏凤凰科学技术出版社@d2017
215    @a256页@d24cm
330    @a本书介绍了300余种姿态万千、造型漂亮的多肉植物,汇集了当下最流行的多肉品种。以植物的科属分类,简要地介绍了多肉植物的产地、特征、栽培条件、栽植提示等内容。
606 0  @a多浆植物@x观赏园艺@j图谱
690    @aS682.33-64@v5
690    @aS682.33@v4
711 02 @a壹号图编辑部@Ayi hao tu bian ji bu@4主编
801  0 @aCN@b山东中教@c20231126
905    @aBZT@dS682.33@e27
    
    常见多肉植物原色图鉴/壹号图编辑部主编.-南京:江苏凤凰科学技术出版社,2017
    256页;24cm
    
    
    ISBN 978-7-5537-6027-8:CNY39.80
    本书介绍了300余种姿态万千、造型漂亮的多肉植物,汇集了当下最流行的多肉品种。以植物的科属分类,简要地介绍了多肉植物的产地、特征、栽培条件、栽植提示等内容。
●
相关链接 在五车中查询图书 在当当中查询图书 在豆瓣中查询图书


正题名:常见多肉植物原色图鉴     索取号:S682.33/27         预约/预借

序号 登录号 条形码 馆藏地/架位号 状态 备注
1 2001133761   2001133761   中教(第二批第二书库)/山东中教(第二书库)/32/ [索取号:S682.33/27] 在馆    
2 2001133762   2001133762   中教(第二批第二书库)/山东中教(第二书库)/32/ [索取号:S682.33/27] 在馆    
3 2001133763   2001133763   中教(第二批第二书库)/山东中教(第二书库)/32/ [索取号:S682.33/27] 在馆    
4 2001133764   2001133764   中教(第二批第二书库)/山东中教(第二书库)/32/ [索取号:S682.33/27] 在馆    
5 2001133765   2001133765   中教(第二批第二书库)/山东中教(第二书库)/32/ [索取号:S682.33/27] 在馆    
6 2001133766   2001133766   中教(第二批第二书库)/山东中教(第二书库)/32/ [索取号:S682.33/27] 在馆    
7 2001133767   2001133767   中教(第二批第二书库)/山东中教(第二书库)/32/ [索取号:S682.33/27] 在馆    
8 2001133768   2001133768   中教(第二批第二书库)/山东中教(第二书库)/32/ [索取号:S682.33/27] 在馆    
9 2001133769   2001133769   中教(第二批第二书库)/山东中教(第二书库)/32/ [索取号:S682.33/27] 在馆    
10 2001133770   2001133770   中教(第二批第二书库)/山东中教(第二书库)/32/ [索取号:S682.33/27] 在馆    
11 2001133771   2001133771   中教(第二批第二书库)/山东中教(第二书库)/32/ [索取号:S682.33/27] 在馆    
12 2001133772   2001133772   中教(第二批第二书库)/山东中教(第二书库)/32/ [索取号:S682.33/27] 在馆    
13 2001133773   2001133773   中教(第二批第二书库)/山东中教(第二书库)/32/ [索取号:S682.33/27] 在馆    
山东省滨州职业学院图书馆 欢迎您!
大连网信软件有限公司© 版权所有